The A.I.R. Manual: (Record no. 197321)

MARC details
000 -LEADER
fixed length control field 00643nam a22002057a 4500
005 - DATE AND TIME OF LATEST TRANSACTION
control field 20230912104450.0
010 ## - LCCN (DPL NO)
LC control number ENG-137849
020 ## - INTERNATIONAL STANDARD BOOK NUMBER
Terms of availability 1800.00
035 ## - SYSTEM CONTROL NUMBER
System control number EN-121381
037 ## - SOURCE OF ACQUISITION
Source of stock number/acquisition DBAD/PUB
082 ## - DEWEY DECIMAL CLASSIFICATION NUMBER
Classification number 347.052
100 ## - MAIN ENTRY--PERSONAL NAME
Personal name Manohar
245 ## - TITLE STATEMENT
Title The A.I.R. Manual:
Remainder of title Unrepealed Central Acts (Civil and Criminal) /
Statement of responsibility, etc by Manohar & Chitaley
260 ## - PUBLICATION, DISTRIBUTION, ETC. (IMPRINT)
Place of publication, distribution, etc Nagpur
Name of publisher, distributor, etc All India Reporter Pvt.Ltd.
Date of publication, distribution, etc 2016
270 ## - ADDRESS
Address Post Box No. 209, Congress Nagar, Nagpur
City Nagpur
Postal code 440012
300 ## - PHYSICAL DESCRIPTION
Extent 1884p.
Dimensions 26cm(Hb)
500 ## - GENERAL NOTE
General note 6th Edition<br/>Volume 41
700 ## - ADDED ENTRY--PERSONAL NAME
Personal name Chitaley
9 (RLIN) 56279
942 ## - ADDED ENTRY ELEMENTS (KOHA)
Source of classification or shelving scheme Dewey Decimal Classification
Item type English Books
Classification part 347.052
Call number suffix MAN
Holdings
Withdrawn status Lost status Not for loan Collection code Home library Current library Date acquired Source of acquisition Cost, normal purchase price Full call number Barcode Copy number Cost, replacement price Koha item type
    Not For Loan Non-fiction D.B.Act.Division Central Library 21/08/2023 DBAD/PUB 1800.00 347.052 MAN EN-121381 1 1800.00 English Books

© Delhi Public Library
Hit Counter
free hit counter